Einzelkosten- und Deckungsbeitragsrechnung Grundfragen einer markt- und entscheidungsorientierten Unternehmensrechnung

Saved in:
Bibliographic Details
Main Author: Riebel, Paul
Format: Book
Language:German
Published: Wiesbaden Gabler 1990
Edition:6. wesentlich erw. Aufl.
Subjects:
Tags: Add Tag
No Tags, Be the first to tag this record!

MARC

LEADER 00000nam a2200000 4500
001 c000037
005 20221215125254.7
020 |a 3-409-26094-3 
041 0 |a ger 
044 |a DE 
245 1 0 |a Einzelkosten- und Deckungsbeitragsrechnung  |b Grundfragen einer markt- und entscheidungsorientierten Unternehmensrechnung  |c Paul Riebel 
250 |a 6. wesentlich erw. Aufl. 
264 1 |a Wiesbaden  |b Gabler  |c 1990 
300 |a 757 s. 
610 2 0 |a kalkulácia nákladov 
610 2 0 |a náklady jednotkové 
610 2 0 |a rozhodovanie podnikové 
610 2 0 |a riadenie podnikové 
610 2 0 |a kontrola podniková 
610 2 0 |a účtovníctvo vnútropodnikové 
100 1 |a Riebel, Paul